Statistiques concernant Équipes de hockey de la LHJMQ

Cliquez ici pour prendre le quiz!

Statistiques générales

  • Ce quiz a été pris 415 fois
  • Le résultat moyen est 13 sur 18

Statistiques - réponses

VilleÉquipe% Correct
QuébecRemparts
89%
VictoriavilleTigres
84%
RimouskiOcéanic
82%
BoisbriandArmada
81%
Val-d'OrForeurs
81%
Rouyn-NorandaHuskies
81%
Baie-ComeauDrakkar
80%
BathurstTitan
78%
DrummondvilleVoltigeurs
78%
HalifaxMooseheads
77%
GatineauOlympiques
77%
SherbrookePhoenix
75%
ShawiniganCataractes
73%
SaguenaySaguenéens
70%
MonctonWildcats
66%
CharlottetownIslanders
62%
Saint-JeanSea Dogs
61%
SydneyScreaming Eagles
34%

Distribution des résultats

Percentile par nombre de réponses

% des personnes avec chaque résultat

Votre développement - résultats

Vous n’avez pas pris ce quiz